My life and fortunes
Spremljeno u:
| Glavni autor: | |
|---|---|
| Format: | Knjiga |
| Jezik: | Undetermined |
| Izdano: |
New York
Duell, Sloan & Pearce
1963
|
| Teme: | |
| Oznake: |
Dodaj oznaku
Bez oznaka, Budi prvi tko označuje ovaj zapis!
|
| Thư viện lưu trữ: | Trung tâm Học liệu Trường Đại học Cần Thơ |
|---|
| LEADER | 00482nam a2200181Ia 4500 | ||
|---|---|---|---|
| 001 | CTU_77602 | ||
| 008 | 210402s9999 xx 000 0 und d | ||
| 082 | |a 923.373 | ||
| 082 | |b G394 | ||
| 100 | |a Paul, Getty, J. | ||
| 245 | 0 | |a My life and fortunes | |
| 245 | 0 | |c J. Paul Getty | |
| 260 | |a New York | ||
| 260 | |b Duell, Sloan & Pearce | ||
| 260 | |c 1963 | ||
| 650 | |a Petroleum industry and trade | ||
| 904 | |i Bằng | ||
| 980 | |a Trung tâm Học liệu Trường Đại học Cần Thơ | ||